| Tag |
First Indicator |
Second Indicator |
Subfields |
| LEADER |
00000pam a2200000 a 4500 |
| 001 |
in00000079991 |
| 005 |
20151008055256.0 |
| 008 |
810302s1982 maua 00110 eng |
| 010 |
|
|
|a 81002208
|
| 020 |
|
|
|a 0669045446
|
| 035 |
|
|
|a (OCoLC)07276917
|
| 035 |
|
|
|9 AAJ3025AM
|
| 039 |
0 |
|
|a 2
|b 3
|c 3
|d 3
|e 3
|
| 040 |
|
|
|a DLC
|c DLC
|d TXA
|d UtOrBLW
|
| 049 |
|
|
|a TXAM
|c [951803]
|
| 050 |
0 |
0 |
|a QA76.9.D3
|b L37
|
| 082 |
0 |
|
|a 001.64
|2 19
|
| 100 |
1 |
|
|a Larson, James A.
|
| 245 |
1 |
0 |
|a Database management system anatomy /
|c James A. Larson.
|
| 264 |
|
1 |
|a Lexington, Mass. :
|b Lexington Books,
|c [1982]
|
| 264 |
|
4 |
|c ©1982
|
| 300 |
|
|
|a xv, 183 pages :
|b illustrations ;
|c 24 cm.
|
| 336 |
|
|
|a text
|b txt
|2 rdacontent
|
| 337 |
|
|
|a unmediated
|b n
|2 rdamedia
|
| 338 |
|
|
|a volume
|b nc
|2 rdacarrier
|
| 490 |
1 |
|
|a Lexington books series in computer science
|
| 500 |
|
|
|a Includes index.
|
| 650 |
|
0 |
|a Database management.
|
| 830 |
|
0 |
|a Lexington Books series in computer science.
|
| 999 |
|
|
|a MARS
|
| 999 |
f |
f |
|s 613eb4c0-2928-31fa-a8e1-b6bd45ede093
|i 525828c9-f4c6-3823-a3fc-38fcd0b4cf03
|t 0
|
| 952 |
f |
f |
|p ric
|a Texas A&M University
|b Rellis Campus
|c Joint Library Facility
|d Remote Storage
|t 0
|e QA76.9.D3 L37
|h Library of Congress classification
|i unmediated -- volume
|m A14806202746
|
| 998 |
f |
f |
|a QA76.9.D3 L37
|t 0
|l Remote Storage
|